| 000 | 00606cas a22002293i 4500 | ||
|---|---|---|---|
| 999 |
_c532409 _d532409 |
||
| 001 | 20841113 | ||
| 003 | NUST | ||
| 005 | 20191120111857.0 | ||
| 008 | 190206cuuuu9999gw || | 0 0eng | ||
| 022 | _a1069-031X | ||
| 022 | _l1069-031X | ||
| 038 | _anasira | ||
| 082 | _a0000 | ||
| 245 | 0 | 0 | _aJournal of International Marketing |
| 264 | 1 |
_aThousand Oaks, CA : _bSage |
|
| 336 |
_atext _btxt _2rdacontent |
||
| 337 |
_acomputer _bc _2rdamedia |
||
| 338 |
_aonline resource _bcr _2rdacarrier |
||
| 906 |
_a0 _bibc _cserials _d2 _encip _f20 _gz-ilsserca |
||
| 942 |
_2ddc _cCR _s1 |
||